000 00234nam a2200097Ia 4500
008 240625s9999 xx 000 0 und d
041 _aeng
100 _aBATEMAN THOMAS S
245 _aMANAGEMENT COMPETING IN THE NEW ERA
260 _c2003
999 _c33110
_d33110